Guess the Movie based off the Cast #1 - Statistics

General Stats
  • This quiz has been taken 22 times
  • The average score is 6 of 15
Answer Stats
Cast Movie % Correct
Julie Andrews, Dick Van Dyke, Karen Dotrice Mary Poppins
71%
Robin Williams, Sally Field, Matthew Lawrence Mrs. Doubtfire
71%
Leonardo DiCaprio, Tom Hanks, Christopher Walken Catch Me If You Can
67%
Christopher Walz, Brad Pitt, Diane Kruger Inglorious Basterds
62%
Tom Cruise, Demi Moore, Jack Nicholson A Few Good Men
48%
Henry Fonda, Lee J. Cobb, Joseph Sweeney 12 Angry Men
38%
Daniel Kaluuya, Allison Williams, Caleb Landry Jones Get Out
38%
Sean Austin, Josh Brolin, Corey Feldman The Goonies
33%
Matthew Modine, R. Lee Ermey, Vincent D'Onofrio Full Metal Jacket
29%
Charlie Sheen, Bob Uecker, Tom Berenger Major League
29%
Chris Farley, David Spade, Bo Derek Tommy Boy
29%
Sean Connery, Alec Baldwin, Sam Neil The Hunt for Red October
24%
John Candy, Steve Martin, Laila Robins Plains, Trains, and Automobiles
19%
Patrick Renna, Mike Vitar, Chauncey Leopardi The Sandlot
19%
Edward Norton, Richard Gere, Laura Linney Primal Fear
14%
No matching quizzes found
Score Distribution
Percent of People with Each Score
Percentile by Number Answered
Your Score History
You have not taken this quiz